000 00405 a2200145 4500
082 _a891.43901
090 _c1106
_d1106
100 _aYasir, Khalid Iqbal.
245 _aKitabyaat urdu matboaat 1984
_cKhalid Iqbal Yasir
260 _aIslamabad:
_bMuqtadara Qomi Zuban,
_c1985.
300 _a167 p.
_c22 cm.
500 _aIncludes Index
650 _aUrdu literature--Bibliography
942 _cBK
_k891.43901 YAS
999 _c5068
_d5068